• Fabbretti Nazareno

di Personal Name

Records bibliografici associati: 1

001 - CONTROL NUMBER

  • control field: 25899

003 - CONTROL NUMBER IDENTIFIER

  • control field: IT-RoPau

005 - DATE AND TIME OF LATEST TRANSACTION

  • control field: 20140521105422.0

008 - FIXED-LENGTH DATA ELEMENTS

  • fixed length control field: 140521|| aca||aabn | a|a d

040 ## - CATALOGING SOURCE

  • Original cataloging agency: IT-RoPau
  • Transcribing agency: IT-RoPau

100 ## - HEADING--PERSONAL NAME

  • Personal name: Fabbretti Nazareno
  • Relator term: Autore
  • Miscellaneous information: Codice autore SPICS: 6873

670 ## - SOURCE DATA FOUND

  • Source citation: Work cat.: (IT-RoPau)102165: Pagano Christian Antonio 4412, Scandalo della speranza (Lo)-Intervista di Nazareno Fabbretti a David Maria Turoldo
CREDITS: SOCIETA' SAN PAOLO Via A.Severo, 58 - ROMA (RM) & PERIODICI SAN PAOLO SRL Via Giotto, 36 MILANO & CISF Via Giotto, 36 MILANO & EDIZIONI SAN PAOLO SRL,  Piazza Soncino, 5 CINISELLO BALSAMO (MI) -- ITALY